000 00261nam a2200109Ia 4500
005 20251222154331.0
008 251222s9999||||xx |||||||||||||| ||spa||
082 _a869.26/G91
100 _a"Guido, Beatriz"
245 0 _aEl incendio y las vĂ­speras
942 _cLIB
999 _c34169
_d34169